书目信息 |
| 题名: |
旅游业管理
|
|
| 作者: | 张红 , 席岳婷 编著 | |
| 分册: | ||
| 出版信息: | 北京 科学出版社 2006 |
|
| 页数: | 473页 | |
| 开本: | 24cm | |
| 丛书名: | ||
| 单 册: | ||
| 中图分类: | F590.6 | |
| 科图分类: | ||
| 主题词: | 旅游业--经济管理--高等学校--教材 , 旅游业 , 经济管理 | |
| 电子资源: | ||
| ISBN: | 7-03-017397-X | |
| 000 | 00930nam0 2200289 450 | |
| 001 | 003229775 | |
| 005 | 20070805082146.12 | |
| 010 | @a7-03-017397-X@dCNY40.00 | |
| 035 | @a003229775 | |
| 100 | @a20060618d2006 em y0chiy0110 ea | |
| 101 | 0 | @achi |
| 102 | @aCN@b110000 | |
| 105 | @ay z 000yy | |
| 106 | @ar | |
| 200 | 1 | @a旅游业管理@Alv you ye guan li@f张红,席岳婷等编著@Fzhang hong, xi yue ting deng bian zhu |
| 210 | @a北京@c科学出版社@d2006 | |
| 215 | @a473页@d24cm | |
| 300 | @a21世纪高等院校教材 | |
| 330 | @a本书以中国国学经典管理理论和方法与当代西方经济管理理论和方法的有机结合作为出发点,对中国旅游业经营管理的环境与特点进行了创新性的探索。 | |
| 606 | 0 | @a旅游业@x经济管理@x高等学校@j教材 |
| 606 | 0 | @a旅游业 |
| 606 | 0 | @a经济管理 |
| 690 | @aF590.6@v4 | |
| 701 | 0 | @a张红@Azhang hong@c(旅游业)@4编著 |
| 701 | 0 | @a席岳婷@Axi yue ting@4编著 |
| 801 | 0 | @aCN@bNLC@c20070805 |
| 905 | @dF590.6@e180@f5 | |
| 旅游业管理/张红,席岳婷等编著.-北京:科学出版社,2006 |
| 473页;24cm |
| 21世纪高等院校教材 |
| ISBN 7-03-017397-X:CNY40.00 |
| 本书以中国国学经典管理理论和方法与当代西方经济管理理论和方法的有机结合作为出发点,对中国旅游业经营管理的环境与特点进行了创新性的探索。 |
| ● |
| 相关链接 |
|
|
|
|
正题名:旅游业管理
索取号:F590.6/180
 
预约/预借
| 序号 | 登录号 | 条形码 | 馆藏地/架位号 | 状态 | 备注 |
| 1 | 0852468 | 208524685 | 第一样本阅览室/ [索取号:F590.6/180] | 在馆 | |
| 2 | 0852469 | 208524694 | 第一借阅区/ [索取号:F590.6/180] | 在馆 | |
| 3 | 0852470 | 208524701 | 第一借阅区/ [索取号:F590.6/180] | 在馆 | |
| 4 | 0852471 | 208524710 | 第一借阅区/ [索取号:F590.6/180] | 在馆 | |
| 5 | 0852472 | 208524729 | 第一借阅区/ [索取号:F590.6/180] | 在馆 |